Joueurs Français ayant gagné la Coupe du Monde - Statistiques

Statistiques générales
  • Ce quiz a été pris 96 fois
  • Le résultat moyen est 32 sur 45
Statistiques - réponses
Poste Joueur % Correct
Gardien Hugo Lloris
95%
Attaquant Kylian Mbappé
95%
Milieu Zinédine Zidane
93%
Milieu Paul Pogba
91%
Milieu N'Golo Kanté
90%
Attaquant Antoine Griezmann
88%
Gardien Steve Mandanda
88%
Gardien Alphonse Areola
87%
Attaquant Olivier Giroud
87%
Gardien Fabien Barthez
86%
Défenseur Benjamin Pavard
85%
Défenseur Raphaël Varane
85%
Défenseur Samuel Umtiti
85%
Milieu Didier Deschamps
84%
Défenseur Lucas Hernandez
84%
Attaquant Ousmane Dembélé
83%
Attaquant Thierry Henry
83%
Défenseur Laurent Blanc
79%
Défenseur Lilian Thuram
79%
Défenseur Adil Rami
78%
Défenseur Bixente Lizarazu
78%
Milieu Blaise Matuidi
77%
Milieu Emmanuel Petit
74%
Milieu Steven Nzonzi
73%
Attaquant David Trezeguet
72%
Attaquant Florian Thauvin
71%
Défenseur Marcel Desailly
69%
Milieu Patrick Vieira
69%
Défenseur Presnel Kimpembe
67%
Gardien Bernard Lama
65%
Attaquant Nabil Fekir
63%
Milieu Corentin Tolisso
62%
Défenseur Djibril Sidibé
62%
Défenseur Frank Lebœuf
62%
Défenseur Benjamin Mendy
60%
Milieu Youri Djorkaeff
60%
Attaquant Christophe Dugarry
58%
Milieu Thomas Lemar
56%
Milieu Christian Karembeu
53%
Attaquant Stéphane Guivarc'h
53%
Milieu Robert Pirès
51%
Attaquant Bernard Diomède
38%
Défenseur Vincent Candela
38%
Gardien Lionel Charbonnier
37%
Milieu Alain Boghossian
35%
Aucun quiz correspondant
Distribution des résultats
% des personnes avec chaque résultat
Percentile par nombre de réponses
Votre historique - résultats
Vous n’avez pas pris ce quiz